Šíření salafismu v Africe: mechanismy, strategie a nástroje zahraniční politiky Saúdské Arábie

Analýza zahraničnej politiky Saudskej Arábie, so zameraním na šírenie salafizmu (salafíja – novodobý, fundamentalisticky orientovaný prúd islamu) v Afrike ako nástroja a stratégie zahraničnej politiky. Identifikácia spôsobov prenikania do vybraných afrických krajín na pozadí šírenia salafizmu a mech...

Full description

Saved in:
Bibliographic Details
Main Author: Svoboda, Daniel
Format: Book Chapter
Language:Czech
Subjects:
Tags: Add Tag
No Tags, Be the first to tag this record!

MARC

LEADER 00000naa a2200000 4500
001 0283459
005 20220502112335.7
041 0 |a cze 
044 |a CZ 
245 1 0 |a Šíření salafismu v Africe: mechanismy, strategie a nástroje zahraniční politiky Saúdské Arábie  |c Daniel Svoboda 
520 |a Analýza zahraničnej politiky Saudskej Arábie, so zameraním na šírenie salafizmu (salafíja – novodobý, fundamentalisticky orientovaný prúd islamu) v Afrike ako nástroja a stratégie zahraničnej politiky. Identifikácia spôsobov prenikania do vybraných afrických krajín na pozadí šírenia salafizmu a mechanizmov vysvetľujúcich šírenie salafizmu a náboženskú angažovanosť Saudskej Arábie vo vybraných afrických krajinách, vybraných podľa regionálneho kľúča (jeden zástupca z každého z piatich afrických regiónov, kde sa preukázalo výrazné rozšírenie salafizmu): Konžská demokratická republika, Egypt, Etiópia, Mozambik a Nigéria. 
610 2 0 |a vzťahy medzinárodné 
610 2 0 |a politika zahraničná 
610 2 0 |a náboženstvo 
610 2 0 |a islam 
610 2 0 |a organizácie náboženské 
610 2 0 |a diplomacia 
610 2 0 |a Saudská Arábia 
610 2 0 |a Afrika 
100 1 |a Svoboda, Daniel